| Поле | Название | Значение |
| |
Тип записи |
a |
| |
Библиографический уровень |
c |
| 001 |
Контрольный номер |
551e96d726f0457eab2264bbf6057397 |
| 005 |
Дата корректировки |
20201206205152.3 |
| 010 |
Индекс ISBN |
__ |
| a |
ISBN |
978-5-389-06613-7 (в пер.) |
| d |
Цена |
343-20, 2000 экз. |
| 100 |
Данные общей обработки |
__ |
| a |
Данные общей обработки |
19181211d2018||||||| 0rusy0189 ca |
| 101 |
Язык документа |
0_ |
| a |
Язык текста |
rus |
| 102 |
Страна публикации |
__ |
| a |
Страна публикации |
ru |
| 102 |
Страна публикации |
__ |
| a |
Страна публикации |
RU |
| 105 |
Кодированные данные (монография) |
__ |
| a |
Кодированные данные (монография) |
|||||||||||zy |
| 200 |
Заглавие и сведения об ответственности |
1_ |
| a |
Заглавие |
Малое собрание сочинений |
| f |
Первые сведения об ответственности |
Александр Островский |
| b |
Общее обозначение материала |
Текст |
| 210 |
Выходные данные |
__ |
| a |
Место издания |
Санкт-Петербург |
| c |
Издательство |
Азбука |
| d |
Дата издания |
2018 |
| 215 |
Физическое описание |
__ |
| a |
Объем |
636, [1] с. |
| d |
Формат |
22 см |
| 225 |
Серия |
__ |
| a |
Серия |
Малое собрание сочинений |
| 327 |
Примечание о содержании |
__ |
| a |
Примечание о содержании |
Свои люди - сочтемся! |
| 327 |
Примечание о содержании |
__ |
| a |
Примечание о содержании |
Доходное место |
| 327 |
Примечание о содержании |
__ |
| a |
Примечание о содержании |
Гроза |
| 327 |
Примечание о содержании |
__ |
| a |
Примечание о содержании |
На всякого мудреца довольно простоты |
| 327 |
Примечание о содержании |
__ |
| a |
Примечание о содержании |
Лес |
| 327 |
Примечание о содержании |
__ |
| a |
Примечание о содержании |
Волки и овцы |
| 327 |
Примечание о содержании |
__ |
| a |
Примечание о содержании |
Бесприданница |
| 327 |
Примечание о содержании |
__ |
| a |
Примечание о содержании |
Таланты и поклонники |
| 327 |
Примечание о содержании |
__ |
| a |
Примечание о содержании |
Без вины виноватые |
| 330 |
Аннотация |
__ |
| a |
Аннотация |
А. Н. Островский - один из самых популярных российских драматургов: его пьесы по сей день не сходят с театральной сцены, многие из них экранизированы. Произведения Островского по праву вошли в золотой фонд русской классики: настолько ярки и самобытны его персонажи, настолько бескомпромиссны они в решении конфликтных ситуаций. Творчество Островского открыло новую эру в истории русского театра: на сцену вышли простые люди, живущие своими нуждами, стремлениями и страстями, близкими и понятными зрителям во все времена. Драматургом создано почти полсотни пьес, в которых русский национальный характер раскрылся во всей полноте. |
| 333 |
Примечание о целевом назначении |
__ |
| a |
Примечание о целевом назначении |
12+. Для детей старше 12 лет |
| 606 |
Тематические рубрики |
__ |
| a |
Основная рубрика |
Художественная литература |
| 606 |
Тематические рубрики |
__ |
| a |
Основная рубрика |
Русская литература XIX в. (произведения) |
| 610 |
Ключевые слова |
__ |
| a |
Ключевые слова |
русская классика |
| 610 |
Ключевые слова |
__ |
| a |
Ключевые слова |
русская классическая литература |
| 610 |
Ключевые слова |
__ |
| a |
Ключевые слова |
классическая литература |
| 610 |
Ключевые слова |
__ |
| a |
Ключевые слова |
пьесы |
| 610 |
Ключевые слова |
__ |
| a |
Ключевые слова |
драматические произведения |
| 610 |
Ключевые слова |
__ |
| a |
Ключевые слова |
экранизированные книги |
| 610 |
Ключевые слова |
__ |
| a |
Ключевые слова |
тема сатиры |
| 610 |
Ключевые слова |
__ |
| a |
Ключевые слова |
тема купечества |
| 610 |
Ключевые слова |
__ |
| a |
Ключевые слова |
тема любви |
| 610 |
Ключевые слова |
__ |
| a |
Ключевые слова |
тема обмана |
| 610 |
Ключевые слова |
__ |
| a |
Ключевые слова |
тема общества |
| 610 |
Ключевые слова |
__ |
| a |
Ключевые слова |
комедии |
| 610 |
Ключевые слова |
__ |
| a |
Ключевые слова |
драмы |
| 686 |
Индексы других классификаций |
__ |
| 2 |
Код системы |
rubbks |
| a |
Классификационный индекс |
84(2=411.2)52-6; ст84(2Рос=Рус)1-6 |
| 700 |
Автор |
_1 |
| a |
Фамилия |
Островский |
| b |
Имя |
А. Н. |
| f |
Даты |
1823-1886 |
| g |
Полное личное имя |
Александр Николаевич |
| 4 |
Код отношения |
070 |
| 801 |
Источник записи |
_0 |
| a |
Страна |
ru |
| b |
Организация |
Муниципальное бюджетное учреждение культуры "Централизованная библиотечная система" г. Сургут (Центральная городская библиотека им. А. С. Пушкина) |
| c |
Дата составления |
20181211 |
| g |
Правила каталогизации |
PSBO |
| 801 |
Источник записи |
_1 |
| a |
Страна |
ru |
| b |
Организация |
Муниципальное бюджетное учреждение культуры "Централизованная библиотечная система" г. Сургут (Центральная городская библиотека им. А. С. Пушкина) |
| c |
Дата составления |
20181211 |
| g |
Правила каталогизации |
PSBO |
| 852 |
Данные о местонахождении |
__ |
| j |
Шифр хранения |
84(2=411.2)52-6 |
| i |
Авторский знак |
О-77 |
| 901 |
Тип документа |
__ |
| a |
Ответственный |
КиК/Апакова |
| t |
Тип документа |
x |
| 903 |
Характеристики (МАРС) |
__ |
| a |
Дата передачи |
20181211 |
| 990 |
Данные о заказе (DOS) |
__ |
| j |
Количество экземпляров (DOS) |
14 |
| t |
N записи в КСУ для И/У (DOS) |
201811 |